|
|
|
|
| LEADER |
00000ntm a22000007u 4500 |
| 001 |
zp11323 |
| 041 |
|
|
|a cze
|
| 100 |
1 |
|
|a Šnédarová, Šárka
|4 dis
|
| 245 |
1 |
0 |
|a Řízení společnosti a jeho vliv na zaměstnance
|
| 246 |
|
|
|a Company management and it's impact on the employees
|
| 260 |
|
|
|c 2009
|
| 300 |
|
|
|a 79 s.
|
| 500 |
|
|
|a Studijní obor: Sociální pedagogika
|
| 500 |
|
|
|a Studijní obor: Social pedagogy
|
| 500 |
|
|
|a Ústav: Ústav pedagogických věd
|
| 500 |
|
|
|a Univerzita Tomáše Bati ve Zlíně. Fakulta humanitních studií
|
| 500 |
|
|
|a Tomas Bata University in Zlín. Faculty of Humanities
|
| 506 |
|
|
|a Bez omezení
|
| 653 |
|
|
|a psychologie
|
| 653 |
|
|
|a řízení
|
| 653 |
|
|
|a práce
|
| 653 |
|
|
|a zaměstnání
|
| 653 |
|
|
|a zaměstnavatel
|
| 653 |
|
|
|a zaměstnanec
|
| 653 |
|
|
|a vedoucí pracovník
|
| 653 |
|
|
|a vzdělávání
|
| 653 |
|
|
|a vliv
|
| 653 |
|
|
|a standard
|
| 653 |
|
|
|a společnost
|
| 653 |
|
|
|a organizace
|
| 653 |
|
|
|a psychology
|
| 653 |
|
|
|a management
|
| 653 |
|
|
|a work
|
| 653 |
|
|
|a employment
|
| 653 |
|
|
|a employer
|
| 653 |
|
|
|a employee
|
| 653 |
|
|
|a manager
|
| 653 |
|
|
|a education
|
| 653 |
|
|
|a impact
|
| 653 |
|
|
|a standard
|
| 653 |
|
|
|a company
|
| 653 |
|
|
|a organization
|
| 655 |
|
4 |
|a diplomová práce
|
| 700 |
1 |
|
|a Dvořáčková, Emilie
|4 ths
|
| 710 |
2 |
|
|a Univerzita Tomáše Bati ve Zlíně. Fakulta humanitních studií
|4 dgg
|
| 710 |
2 |
|
|a Tomas Bata University in Zlín. Faculty of Humanities
|4 dgg
|
| 856 |
4 |
0 |
|u http://hdl.handle.net/10563/7840
|y Plný text v Digitální knihovně UTB
|